International journal of nephrology and renovascular disease

Detalles Bibliográficos
Formato: Electrónico Revista
Lenguaje:inglés
Publicado: Auckland, N.Z. : Dove Medical Press, ©2008-
Materias:
Acceso en línea:Full text available from Research Library: 01/01/2008 to present

MARC

LEADER 00000nas a2200000 a 4500
001 ssj0000396622
003 WaSeSS
005 20200512172242.0
006 m d
007 cr n
008 090423c20089999nz x p s 0 a0eng c
010 |a  2010247835 
016 7 |a 995728720  |2 DE-101 
016 7 |a 2508160-3  |2 DE-600 
016 7 |a 101550217  |2 DNLM 
022 |a 1178-7058  |l 1178-7058 
035 |a (WaSeSS)ssj0000396622 
040 |a NZ1  |b eng  |c NZ1  |d OCLCQ  |d PFM  |d DEBBG  |d NLM  |d GWDNB  |d CUS  |d OCLCF  |d EUW  |d OCLCQ  |d CASUM  |d OCLCQ  |d OCLCA  |d OCLCQ  |d WaSeSS 
042 |a pcc 
050 1 4 |a RC902.A1 
060 1 0 |a W1 
082 0 4 |a 616.61005  |2 22 
210 1 |a Int. j. nephrol. renovascular dis. 
210 1 0 |a Int J Nephrol Renovascular Dis  |2 dnlm 
222 0 |a International journal of nephrology and renovascular disease 
245 0 0 |a International journal of nephrology and renovascular disease  |h [electronic resource]. 
260 |a Auckland, N.Z. :  |b Dove Medical Press,  |c ©2008- 
310 |a Irregular 
362 1 |a Began with vol. 1 (2008). 
506 |a License restrictions may limit access. 
515 |a Articles added irregularly during the year and collected into annual issues. 
588 |a Description based on: Vol. 1 (2008); title from journal homepage (publisher's Web site, viewed Oct. 7, 2010). 
588 |a Latest issue consulted: Vol. 4 (2011) (viewed May 4, 2011). 
650 0 |a Nephrology  |v Periodicals. 
650 0 |a Kidneys  |x Diseases  |v Periodicals. 
650 7 |a Kidneys  |x Diseases.  |2 fast  |0 (OCoLC)fst00987389 
650 7 |a Nephrology.  |2 fast  |0 (OCoLC)fst01035991 
650 1 2 |a Nephrology. 
650 2 2 |a Kidney Diseases. 
655 0 |a Electronic journals. 
856 4 0 |z Full text available from Research Library: 01/01/2008 to present  |u https://search.proquest.com/publication/3933143